| 000 | 00938pam a2200277 a 4500 | ||
|---|---|---|---|
| 001 | 4961821 | ||
| 005 | 20201128013446.0 | ||
| 008 | 970408s1998 ohua 001 0 eng | ||
| 010 | _a97014322 | ||
| 020 | _a9780538870993 | ||
| 040 |
_aDLC _cDLC _dDLC |
||
| 050 | 0 | 0 |
_aHF5691 _b.S432 1998 |
| 082 | 0 | 0 |
_a650.01513 _221 _bSHA |
| 100 | 1 |
_aShao, Stephen P. _d1924- _91277 |
|
| 245 | 1 | 0 |
_aMathematics for Management and Finance / _cStephen P. Shao, Lawrence P. Shao. |
| 250 | _a8th ed. | ||
| 260 |
_aCincinnati, Ohio : _bSouth-Western College Pub., _cc1998. |
||
| 260 | _bDistributer: Bacca. | ||
| 300 |
_axii, 861 p. : _bill. ; _c24 cm. |
||
| 500 | _aIncludes index. | ||
| 650 | 0 |
_aBusiness mathematics _9801 |
|
| 653 |
_bBus _cOctober2011 |
||
| 700 | 1 |
_aShao, Lawrence P. _d1958- _91282 |
|
| 942 |
_2ddc _cBB |
||
| 999 |
_c10304 _d10304 |
||